[Event "18. Open de Sants Hostafrancs 2016"]
[Site "Barcelona ESP"]
[Date "2016.08.24"]
[Round "6.3"]
[White "Cori, Jorge"]
[Black "Debashis, Das"]
[Result "1-0"]
[WhiteElo "2601"]
[BlackElo "2459"]
[PlyCount "147"]
[EventDate "2016.08.19"]
[EventType "swiss"]
[EventRounds "10"]
[EventCountry "ESP"]
[SourceTitle "Ajedrez en Madrid"]
[Source "lmi"]
[SourceDate "2016.08.19"]

1. d4 d5 2. c4 c6 3. Nc3 Nf6 4. Nf3 e6 5. e3 Nbd7 6. Qc2 Bd6 7. Bd3 O-O 8. O-O
dxc4 9. Bxc4 e5 10. h3 exd4 11. Nxd4 Ne5 12. Be2 Ng6 13. Rd1 Qc7 14. b3 Bd7 15.
Bb2 Rad8 16. Nf3 Bc8 17. Ne4 Nxe4 18. Qxe4 Rfe8 19. Qc2 h6 20. Qc3 Bf8 21. Rxd8
Rxd8 22. Rd1 Rxd1+ 23. Bxd1 c5 24. Bc2 Qc6 25. Nd2 b6 26. f3 Ne7 27. Nc4 Qd5
28. Ne5 Nc6 29. Nxc6 Qxc6 30. Qd3 f5 31. Be5 Be6 32. Kf2 c4 33. Qc3 b5 34. bxc4
bxc4 35. g4 fxg4 36. hxg4 Qa6 37. a4 Qb6 38. Qd4 Qxd4 39. Bxd4 a5 40. Kg3 g5
41. f4 gxf4+ 42. exf4 Bg7 43. Bb6 Bc3 44. Kf3 Kg7 45. Bd1 Kf6 46. Ke4 Bf7 47.
Bc5 Bg6+ 48. f5 Bf7 49. Be3 Kg7 50. Bf4 Bg8 51. Bd6 Bf7 52. Bc5 Bg8 53. Bc2 Bf7
54. Be3 Bg8 55. Bf4 Bf7 56. Kf3 Be8 57. Ke3 Bf7 58. Bc7 Be8 59. Kf4 Bf7 60. Ke4
Bg8 61. Bg3 Bf7 62. Bf2 Bg8 63. Bd4+ Bxd4 64. Kxd4 Kf6 65. Kc5 Bf7 66. Kb5 Bd5
67. Kxa5 Bf3 68. Kb4 Bxg4 69. Be4 Ke5 70. a5 Kxe4 71. f6 Be6 72. a6 Kd3 73. a7
Bd5 74. f7 1-0

[Event "18. Open de Sants Hostafrancs 2016"]
[Site "Barcelona ESP"]
[Date "2016.08.24"]
[Round "6.4"]
[White "Vera Siguenas, Deivy"]
[Black "Moussard, Jules"]
[Result "1/2-1/2"]
[WhiteElo "2496"]
[BlackElo "2539"]
[PlyCount "87"]
[EventDate "2016.08.19"]
[EventType "swiss"]
[EventRounds "10"]
[EventCountry "ESP"]
[SourceTitle "Ajedrez en Madrid"]
[Source "lmi"]
[SourceDate "2016.08.19"]

1. e4 c5 2. Nf3 d6 3. d4 cxd4 4. Nxd4 Nf6 5. Nc3 a6 6. Be3 Ng4 7. Bc1 Nf6 8.
Be3 Ng4 9. Bg5 h6 10. Bh4 g5 11. Bg3 Bg7 12. Be2 h5 13. Nf5 Bxf5 14. exf5 Nc6
15. Bxg4 hxg4 16. Qxg4 Bxc3+ 17. bxc3 Qa5 18. O-O f6 19. Rab1 O-O-O 20. Rb3 Qc5
21. Rfb1 Rd7 22. Qe4 Rc7 23. h3 Na5 24. Rb6 Qc4 25. R6b4 Qxc3 26. f3 Qc6 27.
Qe6+ Qd7 28. Qe4 Qc6 29. Qe2 Qd5 30. Bf2 Nc6 31. Rc4 b5 32. Rc3 Kd7 33. a4 Rb8
34. axb5 Rxb5 35. Re1 Qxf5 36. g4 Qd5 37. Rxc6 Qxc6 38. Qxe7+ Kc8 39. Qf8+ Kb7
40. Re8 Rc8 41. Qf7+ Rc7 42. Qg8 Rc8 43. Qf7+ Rc7 44. Qg8 1/2-1/2

[Event "18. Open de Sants Hostafrancs 2016"]
[Site "Barcelona ESP"]
[Date "2016.08.24"]
[Round "6.5"]
[White "Baghdasaryan, Vahe"]
[Black "Timofeev, Artyom"]
[Result "0-1"]
[WhiteElo "2488"]
[BlackElo "2596"]
[PlyCount "72"]
[EventDate "2016.08.19"]
[EventType "swiss"]
[EventRounds "10"]
[EventCountry "ESP"]
[SourceTitle "Ajedrez en Madrid"]
[Source "lmi"]
[SourceDate "2016.08.19"]

1. Nf3 c5 2. c4 g6 3. d4 cxd4 4. Nxd4 Nc6 5. e4 Nf6 6. Nc3 Nxd4 7. Qxd4 d6 8.
Be2 Bg7 9. Be3 O-O 10. Qd2 a5 11. Bd4 Bd7 12. O-O Bc6 13. Qc2 Nd7 14. Bxg7 Kxg7
15. b3 Qb6 16. Kh1 a4 17. Qb2 Nf6 18. f4 axb3 19. Rae1 Qd4 20. Rd1 Rxa2 21. Qc1
b2 22. Rxd4 bxc1=Q 23. Rxc1 Rb2 24. Bf3 Nd7 25. e5 dxe5 26. Rdd1 Nc5 27. Bxc6
bxc6 28. fxe5 Ra8 29. h3 h5 30. Kg1 h4 31. Kh2 Ra3 32. Rd8 Ne6 33. Rd7 Nf4 34.
Rf1 Rxg2+ 35. Kh1 Rxc3 36. Rxf4 Re2 0-1

[Event "18. Open de Sants Hostafrancs 2016"]
[Site "Barcelona ESP"]
[Date "2016.08.24"]
[Round "6.6"]
[White "Fier, Alexandr"]
[Black "Wan, Yunguo"]
[Result "0-1"]
[WhiteElo "2627"]
[BlackElo "2458"]
[PlyCount "118"]
[EventDate "2016.08.19"]
[EventType "swiss"]
[EventRounds "10"]
[EventCountry "ESP"]
[SourceTitle "Ajedrez en Madrid"]
[Source "lmi"]
[SourceDate "2016.08.19"]

1. e4 c5 2. Nf3 Nc6 3. Bb5 g6 4. Bxc6 dxc6 5. d3 Bg7 6. h3 Nf6 7. Nc3 O-O 8.
Be3 b6 9. Qd2 e5 10. Bh6 Qd6 11. Bxg7 Kxg7 12. O-O Be6 13. b3 Rad8 14. a4 Nd7
15. Rae1 f6 16. Ne2 Rf7 17. Qc3 Nf8 18. Nd2 a5 19. f4 exf4 20. Rxf4 Qe5 21.
Ref1 Qxc3 22. Nxc3 Nd7 23. g4 h5 24. gxh5 g5 25. R4f3 Rh8 26. Nc4 Rxh5 27. Kg2
Rf8 28. Nd1 Rfh8 29. Nf2 Rh4 30. Rg3 Kf7 31. Re1 R4h5 32. Ree3 Ke7 33. Ref3
Bxc4 34. bxc4 Ne5 35. Re3 Rb8 36. Re1 b5 37. cxb5 cxb5 38. axb5 Rxb5 39. c3 Ng6
40. d4 Nf4+ 41. Kf1 a4 42. e5 f5 43. Ra1 Rb2 44. dxc5 a3 45. Nd1 Rd2 46. Ne3 a2
47. Nxf5+ Kd8 48. e6 Rxh3 49. e7+ Ke8 50. Re1 Rh1+ 51. Rg1 Rxg1+ 52. Kxg1 Ne6
53. c6 Re2 54. Rxe2 a1=Q+ 55. Kf2 Qxc3 56. Rxe6 Qc2+ 57. Kg1 Qxf5 58. Rh6 Kxe7
59. c7 Kd7 0-1

[Event "18. Open de Sants Hostafrancs 2016"]
[Site "Barcelona ESP"]
[Date "2016.08.24"]
[Round "6.7"]
[White "Kunin, Vitaly"]
[Black "Cori T., Deysi"]
[Result "1-0"]
[WhiteElo "2592"]
[BlackElo "2433"]
[PlyCount "79"]
[EventDate "2016.08.19"]
[EventType "swiss"]
[EventRounds "10"]
[EventCountry "ESP"]
[SourceTitle "Ajedrez en Madrid"]
[Source "lmi"]
[SourceDate "2016.08.19"]

1. d4 Nf6 2. c4 g6 3. Nc3 Bg7 4. e4 d6 5. Be2 O-O 6. Bg5 c5 7. d5 h6 8. Bf4 a6
9. a4 Re8 10. Nf3 g5 11. Bg3 e6 12. dxe6 Bxe6 13. Qxd6 Qa5 14. O-O Nc6 15. Qd3
g4 16. Nd2 Rad8 17. Nd5 Bxd5 18. cxd5 Qb4 19. Bh4 h5 20. Nc4 b5 21. axb5 axb5
22. Ne3 c4 23. Qb1 Nd4 24. Bd1 Rd6 25. f3 gxf3 26. Bxf3 c3 27. bxc3 Qxc3 28.
Nd1 Qc4 29. Nb2 Qc3 30. Ra2 Nxf3+ 31. gxf3 Nxd5 32. exd5 Qd4+ 33. Bf2 Qxd5 34.
Bg3 Rg6 35. Kh1 Re2 36. Qd1 Qxd1 37. Ra8+ Kh7 38. Nxd1 Bd4 39. Rd8 Bf6 40. Rd5
1-0

[Event "18. Open de Sants Hostafrancs 2016"]
[Site "Barcelona ESP"]
[Date "2016.08.24"]
[Round "6.8"]
[White "Sandipan, Chanda"]
[Black "Mu, Ke"]
[Result "1/2-1/2"]
[WhiteElo "2572"]
[BlackElo "2419"]
[PlyCount "105"]
[EventDate "2016.08.19"]
[EventType "swiss"]
[EventRounds "10"]
[EventCountry "ESP"]
[SourceTitle "Ajedrez en Madrid"]
[Source "lmi"]
[SourceDate "2016.08.19"]

1. d4 Nf6 2. Nf3 e6 3. Bf4 b6 4. e3 Bb7 5. Bd3 c5 6. Nbd2 Be7 7. h3 O-O 8. O-O
cxd4 9. exd4 Ba6 10. Bxa6 Nxa6 11. a4 Nb4 12. c3 Nc6 13. Nc4 d6 14. Ne3 d5 15.
Ne5 Nxe5 16. Bxe5 Bd6 17. Qe2 a6 18. Rfd1 Ne4 19. c4 f6 20. Bxd6 Qxd6 21. cxd5
exd5 22. Qg4 f5 23. Nxf5 Qf6 24. f3 Qxf5 25. Qxf5 Rxf5 26. fxe4 dxe4 27. Re1
Re8 28. Rad1 Kf7 29. b4 e3 30. d5 Re4 31. g4 Rfe5 32. Rf1+ Kg6 33. Rfe1 Kf7 34.
Rf1+ Kg6 35. Rfe1 e2 36. Rd2 Kf7 37. Kf2 Rxb4 38. d6 Ke8 39. Rdxe2 Rxe2+ 40.
Rxe2+ Kd7 41. Re7+ Kxd6 42. Rxg7 Rxa4 43. Rxh7 b5 44. g5 Ke6 45. h4 b4 46. Rh6+
Kf7 47. Rb6 b3 48. Kg3 a5 49. Rxb3 Rb4 50. Rf3+ Kg8 51. h5 Rb8 52. Rf4 Rb5 53.
Ra4 1/2-1/2

[Event "18. Open de Sants Hostafrancs 2016"]
[Site "Barcelona ESP"]
[Date "2016.08.24"]
[Round "6.9"]
[White "Ortiz Suarez, Isan Reynaldo"]
[Black "Ochsner, Bjorn Moller"]
[Result "1-0"]
[WhiteElo "2564"]
[BlackElo "2417"]
[PlyCount "67"]
[EventDate "2016.08.19"]
[EventType "swiss"]
[EventRounds "10"]
[EventCountry "ESP"]
[SourceTitle "Ajedrez en Madrid"]
[Source "lmi"]
[SourceDate "2016.08.19"]

1. Nf3 c5 2. c4 Nc6 3. d4 cxd4 4. Nxd4 Nf6 5. Nc3 e6 6. g3 Qb6 7. Ndb5 Ne5 8.
Bg2 a6 9. Na4 Qa5+ 10. Nbc3 Be7 11. O-O d6 12. Qb3 Qc7 13. Nb6 Rb8 14. Bf4 O-O
15. Rac1 Ng6 16. Be3 Bd7 17. Rfd1 Be8 18. h3 Ne5 19. Bf4 Ng6 20. Bd2 Nd7 21.
Nca4 Nxb6 22. Nxb6 Ne5 23. Bf4 Bc6 24. c5 d5 25. h4 Rbe8 26. e4 dxe4 27. Nc4 f6
28. Nxe5 fxe5 29. Qxe6+ Rf7 30. Bxe5 Qa5 31. Qc4 Bf8 32. Bd6 e3 33. fxe3 Rxe3
34. Rf1 1-0

[Event "18. Open de Sants Hostafrancs 2016"]
[Site "Barcelona ESP"]
[Date "2016.08.24"]
[Round "6.10"]
[White "Admiraal, Miguoel"]
[Black "Gomez Garrido, Camilo Ernesto"]
[Result "1/2-1/2"]
[WhiteElo "2458"]
[BlackElo "2560"]
[PlyCount "60"]
[EventDate "2016.08.19"]
[EventType "swiss"]
[EventRounds "10"]
[EventCountry "ESP"]
[SourceTitle "Ajedrez en Madrid"]
[Source "lmi"]
[SourceDate "2016.08.19"]

1. d4 d5 2. c4 c6 3. cxd5 cxd5 4. Bf4 Nc6 5. e3 Nf6 6. Nc3 a6 7. Rc1 Bg4 8. f3
Bd7 9. g4 e6 10. h4 Be7 11. Bd3 Qb6 12. Nge2 Rc8 13. Kf2 Na5 14. Na4 Rxc1 15.
Nxb6 Rxd1 16. Rxd1 Bd8 17. Nxd7 Kxd7 18. Rc1 Ne8 19. h5 Bc7 20. Bxc7 Nxc7 21.
Nc3 Nc6 22. Na4 b5 23. Nc5+ Kd6 24. Nb7+ Kd7 25. Nc5+ Kd6 26. f4 h6 27. Nb7+
Kd7 28. Nc5+ Kd6 29. Nb7+ Kd7 30. Nc5+ Kd6 1/2-1/2

[Event "18. Open de Sants Hostafrancs 2016"]
[Site "Barcelona ESP"]
[Date "2016.08.24"]
[Round "6.11"]
[White "Jakubowski, Krzysztof"]
[Black "Lapshun, Yury"]
[Result "1/2-1/2"]
[WhiteElo "2548"]
[BlackElo "2396"]
[PlyCount "82"]
[EventDate "2016.08.19"]
[EventType "swiss"]
[EventRounds "10"]
[EventCountry "ESP"]
[SourceTitle "Ajedrez en Madrid"]
[Source "lmi"]
[SourceDate "2016.08.19"]

1. d4 Nf6 2. c4 e6 3. Nc3 d5 4. Bg5 Be7 5. e3 Nbd7 6. Nf3 c6 7. Qc2 O-O 8.
O-O-O b5 9. cxb5 c5 10. e4 Bb7 11. Bxf6 Bxf6 12. exd5 exd5 13. Kb1 c4 14. h4 a6
15. Ng5 g6 16. bxa6 Rxa6 17. f4 Nb6 18. g4 Bc6 19. Nxh7 Kxh7 20. h5 Kg7 21. g5
Be7 22. hxg6 fxg6 23. Rh6 Qd6 24. Re1 Nc8 25. Qh2 Kf7 26. Bh3 Bd7 27. Re5 Ke8
28. Rxd5 Bxh3 29. Rxd6 Bf5+ 30. Ka1 Rxd6 31. d5 Bd3 32. Rh8 Rd7 33. a4 Nd6 34.
Rxf8+ Bxf8 35. Qf2 Nb7 36. Qb6 Nc5 37. Ka2 Nb3 38. Qe6+ Be7 39. Qg8+ Bf8 40.
Qe6+ Be7 41. Qg8+ Bf8 1/2-1/2

[Event "18. Open de Sants Hostafrancs 2016"]
[Site "Barcelona ESP"]
[Date "2016.08.24"]
[Round "6.12"]
[White "Goh, Wei Ming Kevin"]
[Black "Cruz, Cristhian"]
[Result "0-1"]
[WhiteElo "2435"]
[BlackElo "2533"]
[PlyCount "72"]
[EventDate "2016.08.19"]
[EventType "swiss"]
[EventRounds "10"]
[EventCountry "ESP"]
[SourceTitle "Ajedrez en Madrid"]
[Source "lmi"]
[SourceDate "2016.08.19"]

1. e4 e6 2. d4 d5 3. Nc3 Nf6 4. e5 Nfd7 5. f4 c5 6. Nf3 Be7 7. Be3 O-O 8. Qd2
b6 9. h4 Ba6 10. Bxa6 Nxa6 11. Ng5 Nc7 12. Qd3 f5 13. exf6 Nxf6 14. O-O-O c4
15. Qe2 Qd7 16. Rde1 Bd6 17. Kb1 b5 18. Nd1 b4 19. Bc1 Rfe8 20. Nf2 Nb5 21. Qe3
Rab8 22. Ka1 Rb6 23. Nxe6 Bxf4 24. Qxf4 Rbxe6 25. Rxe6 Qxe6 26. h5 Ne4 27. h6
Nxd4 28. hxg7 Nxf2 29. Qxf2 Qe4 30. Kb1 b3 31. axb3 cxb3 32. Rf1 Qxc2+ 33. Qxc2
bxc2+ 34. Ka2 Kxg7 35. Bd2 Ne2 36. Kb3 Rc8 0-1

[Event "18. Open de Sants Hostafrancs 2016"]
[Site "Barcelona ESP"]
[Date "2016.08.24"]
[Round "6.13"]
[White "Cruz, Jonathan"]
[Black "Alonso Rosell, Alvar"]
[Result "0-1"]
[WhiteElo "2433"]
[BlackElo "2524"]
[PlyCount "82"]
[EventDate "2016.08.19"]
[EventType "swiss"]
[EventRounds "10"]
[EventCountry "ESP"]
[SourceTitle "Ajedrez en Madrid"]
[Source "lmi"]
[SourceDate "2016.08.19"]

1. e4 d6 2. d4 Nf6 3. Nc3 e5 4. Nf3 Nbd7 5. Bc4 Be7 6. O-O O-O 7. a4 exd4 8.
Qxd4 Nb8 9. h3 Nc6 10. Qd1 Nb4 11. Qe2 Nd7 12. Nd5 Nxd5 13. Bxd5 Bf6 14. Ra3
Re8 15. Ng5 Bxg5 16. Bxf7+ Kxf7 17. Qh5+ Kg8 18. Bxg5 Re5 19. Bxd8 Rxh5 20.
Bxc7 Rc5 21. Bxd6 Rxc2 22. b4 Nb6 23. Bc5 Be6 24. Rd1 Nd7 25. Bd4 Nf6 26. Bxf6
gxf6 27. e5 f5 28. g4 f4 29. Rd4 Rf8 30. Rf3 Rc1+ 31. Kh2 Rc4 32. Rxc4 Bxc4 33.
Rc3 Bd5 34. Rc5 Rd8 35. Rc7 Re8 36. h4 Rxe5 37. Rc8+ Kf7 38. Rc7+ Ke6 39. Rc1
Re2 40. h5 Rxf2+ 41. Kh3 h6 0-1

[Event "18. Open de Sants Hostafrancs 2016"]
[Site "Barcelona ESP"]
[Date "2016.08.24"]
[Round "6.14"]
[White "Reshef, Omer"]
[Black "Lin, Chen"]
[Result "1-0"]
[WhiteElo "2420"]
[BlackElo "2516"]
[PlyCount "55"]
[EventDate "2016.08.19"]
[EventType "swiss"]
[EventRounds "10"]
[EventCountry "ESP"]
[SourceTitle "Ajedrez en Madrid"]
[Source "lmi"]
[SourceDate "2016.08.19"]

1. e4 e5 2. Nf3 Nc6 3. Nc3 Nf6 4. Bb5 Bc5 5. O-O O-O 6. Nxe5 Nxe5 7. d4 Bd6 8.
f4 Neg4 9. e5 Bb4 10. exf6 Nxf6 11. f5 h6 12. a3 Bxc3 13. bxc3 d5 14. Qf3 c6
15. Bd3 Re8 16. Qg3 Kh7 17. Qh4 Kg8 18. Bxh6 gxh6 19. Qxh6 Ng4 20. Qh5 Nf6 21.
Qh6 Ng4 22. Qf4 Nf6 23. Rae1 Rxe1 24. Qg5+ Kh8 25. Rxe1 Bd7 26. Qh6+ Nh7 27. f6
Qg8 28. Re5 1-0

[Event "18. Open de Sants Hostafrancs 2016"]
[Site "Barcelona ESP"]
[Date "2016.08.24"]
[Round "6.15"]
[White "Ortega Amarelle, Mariano"]
[Black "Delorme, Axel"]
[Result "0-1"]
[WhiteElo "2432"]
[BlackElo "2500"]
[PlyCount "62"]
[EventDate "2016.08.19"]
[EventType "swiss"]
[EventRounds "10"]
[EventCountry "ESP"]
[SourceTitle "Ajedrez en Madrid"]
[Source "lmi"]
[SourceDate "2016.08.19"]

1. d4 d5 2. c4 e6 3. Nf3 Nf6 4. g3 dxc4 5. Bg2 a6 6. O-O Nc6 7. e3 Rb8 8. Nfd2
e5 9. Bxc6+ bxc6 10. dxe5 Ng4 11. Nxc4 Be6 12. Qxd8+ Rxd8 13. b3 Bxc4 14. bxc4
Nxe5 15. Na3 h5 16. h4 Bc5 17. Kg2 Rh6 18. Nc2 Nxc4 19. a4 Rd3 20. Ra2 Rc3 21.
Nd4 Bxd4 22. exd4 Re6 23. Rd1 Nb6 24. Ba3 Rc4 25. a5 Nd5 26. Rdd2 Kd7 27. Bc5
Re1 28. Rd3 Rcc1 29. Rb3 f6 30. Rb7 g5 31. Rb8 g4 0-1

[Event "18. Open de Sants Hostafrancs 2016"]
[Site "Barcelona ESP"]
[Date "2016.08.24"]
[Round "6.16"]
[White "Brochet, Philippe"]
[Black "Movsziszian, Karen"]
[Result "0-1"]
[WhiteElo "2401"]
[BlackElo "2495"]
[PlyCount "34"]
[EventDate "2016.08.19"]
[EventType "swiss"]
[EventRounds "10"]
[EventCountry "ESP"]
[SourceTitle "Ajedrez en Madrid"]
[Source "lmi"]
[SourceDate "2016.08.19"]

1. e4 g6 2. d4 Bg7 3. Nf3 d6 4. Nc3 a6 5. a4 b6 6. Bc4 e6 7. O-O Nd7 8. d5 e5
9. Bg5 Ne7 10. Qd2 h6 11. Bh4 O-O 12. Rae1 g5 13. Bg3 f5 14. exf5 Nxf5 15. Qe2
g4 16. Nd2 h5 17. b4 h4 0-1

[Event "18. Open de Sants Hostafrancs 2016"]
[Site "Barcelona ESP"]
[Date "2016.08.24"]
[Round "6.17"]
[White "Aguero Jimenez, Luis Lazaro"]
[Black "Rios, Cristhian Camilo"]
[Result "1/2-1/2"]
[WhiteElo "2388"]
[BlackElo "2490"]
[PlyCount "123"]
[EventDate "2016.08.19"]
[EventType "swiss"]
[EventRounds "10"]
[EventCountry "ESP"]
[SourceTitle "Ajedrez en Madrid"]
[Source "lmi"]
[SourceDate "2016.08.19"]

1. e4 c5 2. Nf3 e6 3. d4 cxd4 4. Nxd4 Nf6 5. Nc3 d6 6. Be3 a6 7. f3 b5 8. g4 h6
9. Qd2 b4 10. Nce2 e5 11. Nb3 Nc6 12. Ng3 Be6 13. O-O-O Qc7 14. Kb1 a5 15. Bb5
a4 16. Nc1 Qb7 17. Qe2 Ra5 18. Bc4 d5 19. exd5 Nxd5 20. Bxd5 Bxd5 21. Rhf1 b3
22. c4 bxa2+ 23. Nxa2 Be6 24. f4 a3 25. Rd2 axb2 26. Rxb2 Qa6 27. Rb6 Qxc4 28.
Qxc4 Bxc4 29. Rxc6 Bxa2+ 30. Kc2 Kd7 31. Rc3 Bb4 32. Rd1+ Bd5 33. Rcd3 Kc6 34.
Rc1 exf4 35. Kd1+ Bc5 36. Bxf4 Ra4 37. Rdc3 Rxf4 38. Rxc5+ Kd6 39. Nf5+ Ke5 40.
R1c2 Rf1+ 41. Ke2 Rh1 42. Ke3 Ra8 43. Re2 g6 44. Kd2+ Kf6 45. Rxd5 Ra2+ 46. Ke3
Rxe2+ 47. Kxe2 Rxh2+ 48. Kf3 gxf5 49. Rxf5+ Kg6 50. Ra5 Rh3+ 51. Kf4 Rb3 52.
Ra6+ f6 53. Ra5 Rb4+ 54. Kf3 Rb1 55. Kf4 Re1 56. Ra8 Rf1+ 57. Kg3 h5 58. gxh5+
Kxh5 59. Ra5+ Kg6 60. Rb5 Rg1+ 61. Kf3 Rg5 62. Rxg5+ 1/2-1/2

[Event "18. Open de Sants Hostafrancs 2016"]
[Site "Barcelona ESP"]
[Date "2016.08.24"]
[Round "6.18"]
[White "Alvarez Pedraza, Aramis"]
[Black "Gemy, Jose Daniel"]
[Result "1-0"]
[WhiteElo "2483"]
[BlackElo "2384"]
[PlyCount "53"]
[EventDate "2016.08.19"]
[EventType "swiss"]
[EventRounds "10"]
[EventCountry "ESP"]
[SourceTitle "Ajedrez en Madrid"]
[Source "lmi"]
[SourceDate "2016.08.19"]

1. e4 e5 2. Nf3 Nc6 3. Bc4 Bc5 4. c3 Nf6 5. d3 d6 6. O-O a6 7. Bb3 Ba7 8. Re1
h6 9. Nbd2 Ng4 10. Re2 Ne7 11. h3 Nf6 12. d4 Ng6 13. Nf1 O-O 14. Ng3 Be6 15.
Be3 Kh7 16. Bxe6 fxe6 17. Qb3 Qd7 18. Rd1 exd4 19. cxd4 c6 20. Qc2 Ng8 21. e5
N8e7 22. Nh4 Nf5 23. Nxg6 Kxg6 24. d5 dxe5 25. dxe6 Qxe6 26. Bxa7 Rxa7 27. Rde1
1-0

[Event "18. Open de Sants Hostafrancs 2016"]
[Site "Barcelona ESP"]
[Date "2016.08.24"]
[Round "6.19"]
[White "Gonzalez Acosta, Bernal"]
[Black "Mihajlov, Sebastian"]
[Result "1-0"]
[WhiteElo "2478"]
[BlackElo "2356"]
[PlyCount "87"]
[EventDate "2016.08.19"]
[EventType "swiss"]
[EventRounds "10"]
[EventCountry "ESP"]
[SourceTitle "Ajedrez en Madrid"]
[Source "lmi"]
[SourceDate "2016.08.19"]

1. c4 Nf6 2. g3 g6 3. Bg2 Bg7 4. Nc3 O-O 5. Nf3 d6 6. O-O Nc6 7. d3 e5 8. Rb1
a5 9. a3 h6 10. b4 axb4 11. axb4 Be6 12. b5 Na5 13. Nd2 d5 14. cxd5 Nxd5 15.
Bb2 Re8 16. Qc1 c6 17. bxc6 Nxc6 18. Nxd5 Bxd5 19. Bxd5 Qxd5 20. Nc4 Ra2 21.
Qd1 Nd4 22. e4 Qd7 23. Bxd4 exd4 24. Qb3 Ra7 25. Nb6 Qe6 26. Nd5 Rc8 27. Rfc1
Kh7 28. Kg2 Rc6 29. Rc4 f5 30. Nf4 Qd7 31. exf5 Qxf5 32. h4 Be5 33. Re1 Rxc4
34. Qxc4 b6 35. Ne6 Bg7 36. Re4 b5 37. Qc6 b4 38. Qb6 Ra2 39. Rf4 Qd5+ 40. Rf3
g5 41. Nc7 Qd7 42. h5 Rc2 43. Qg6+ Kh8 44. Ne6 1-0

[Event "18. Open de Sants Hostafrancs 2016"]
[Site "Barcelona ESP"]
[Date "2016.08.24"]
[Round "6.21"]
[White "Hansen, Mads"]
[Black "Barrientos, Sergio E"]
[Result "0-1"]
[WhiteElo "2344"]
[BlackElo "2466"]
[PlyCount "50"]
[EventDate "2016.08.19"]
[EventType "swiss"]
[EventRounds "10"]
[EventCountry "ESP"]
[SourceTitle "Ajedrez en Madrid"]
[Source "lmi"]
[SourceDate "2016.08.19"]

1. e4 c5 2. Nf3 d6 3. d4 Nf6 4. Nc3 cxd4 5. Nxd4 a6 6. Bg5 Nbd7 7. Qe2 h6 8.
Bh4 g6 9. f4 e5 10. O-O-O exf4 11. Bxf6 Qxf6 12. Nd5 Qd8 13. Qc4 Ne5 14. Qc3
Bg4 15. Nc7+ Kd7 16. Nxa8 Bxd1 17. Bb5+ axb5 18. Rxd1 b4 19. Qh3+ Ke7 20. Nb5
Qxa8 21. Rxd6 Bg7 22. Qh4+ g5 23. Qe1 Qa4 24. Rb6 Nd3+ 25. cxd3 Rc8+ 0-1

[Event "18. Open de Sants Hostafrancs 2016"]
[Site "Barcelona ESP"]
[Date "2016.08.24"]
[Round "6.22"]
[White "Sasikiran, Krishnan"]
[Black "Vidarte Morales, Arturo"]
[Result "1-0"]
[WhiteElo "2658"]
[BlackElo "2324"]
[PlyCount "117"]
[EventDate "2016.08.19"]
[EventType "swiss"]
[EventRounds "10"]
[EventCountry "ESP"]
[SourceTitle "Ajedrez en Madrid"]
[Source "lmi"]
[SourceDate "2016.08.19"]

1. e4 c5 2. Nf3 g6 3. d4 cxd4 4. Nxd4 Bg7 5. Nc3 Nc6 6. Nb3 Nf6 7. Be2 d6 8.
O-O O-O 9. Bg5 Be6 10. f4 Rc8 11. Kh1 a6 12. Rb1 b5 13. a3 Re8 14. Bh4 b4 15.
axb4 Nxb4 16. Ra1 Qb6 17. Bf2 Qb8 18. Nd2 Red8 19. Bh4 Qb7 20. Ra3 Rc5 21. Nb3
Rcc8 22. Na5 Qc7 23. f5 Bd7 24. Qd2 Rb8 25. Nc4 Bb5 26. Ne3 Bxe2 27. Qxe2 Rdc8
28. Qf3 Rf8 29. Rf2 Qb7 30. Rb3 Qa7 31. h3 a5 32. Rd2 Nc6 33. Ned5 Rxb3 34.
cxb3 Nd7 35. Qf1 Re8 36. Qb5 Nde5 37. f6 exf6 38. Nxf6+ Bxf6 39. Bxf6 Re6 40.
Bg5 Kg7 41. Nd5 h6 42. Be3 Qd7 43. Bf4 Qa7 44. Qf1 Qb7 45. Qd1 Nd7 46. Nc3 Nc5
47. Rxd6 Qxb3 48. Qd2 Qc4 49. Bxh6+ Kh7 50. Bf8 Kg8 51. Qh6 Qf1+ 52. Kh2 Qf6
53. Rxc6 Qe5+ 54. Kh1 Rxc6 55. Nd5 Re6 56. Bxc5 Re8 57. Qh4 Kg7 58. Qf2 Rc8 59.
Qe3 1-0

[Event "18. Open de Sants Hostafrancs 2016"]
[Site "Barcelona ESP"]
[Date "2016.08.24"]
[Round "6.23"]
[White "Schroeder, Jan-christian"]
[Black "Latorre, Matias"]
[Result "1-0"]
[WhiteElo "2523"]
[BlackElo "2318"]
[PlyCount "103"]
[EventDate "2016.08.19"]
[EventType "swiss"]
[EventRounds "10"]
[EventCountry "ESP"]
[SourceTitle "Ajedrez en Madrid"]
[Source "lmi"]
[SourceDate "2016.08.19"]

1. e4 e5 2. Nf3 Nc6 3. Bb5 a6 4. Ba4 Nf6 5. O-O Be7 6. d3 b5 7. Bb3 O-O 8. Nc3
d6 9. a3 Rb8 10. h3 h6 11. Be3 Na5 12. Ba2 c5 13. Nd5 Nxd5 14. Bxd5 Bb7 15. b4
Bxd5 16. exd5 Nb7 17. c4 bxc4 18. dxc4 e4 19. Nd2 f5 20. Bf4 Bf6 21. Rb1 cxb4
22. axb4 a5 23. bxa5 Qxa5 24. Qh5 Bc3 25. Rb5 Qa2 26. Nb3 Qa4 27. Rb1 Qxc4 28.
Nc5 dxc5 29. Bxb8 Rxb8 30. Qxf5 Rf8 31. Qe6+ Kh7 32. Rxb7 Qe2 33. Rf7 Rxf7 34.
Qxf7 Bf6 35. Qe6 c4 36. Qf5+ Kg8 37. Qe6+ Kh7 38. Rb8 Qd1+ 39. Kh2 Qd4 40. Re8
Qxf2 41. Qxe4+ g6 42. Qxc4 h5 43. Re2 Qf5 44. Qe4 Qg5 45. g3 Qc1 46. h4 Qd1 47.
Rc2 Be5 48. Rf2 Qa1 49. Rf7+ Bg7 50. Qe7 Qb2+ 51. Kh3 Qa1 52. Rxg7+ 1-0

[Event "18. Open de Sants Hostafrancs 2016"]
[Site "Barcelona ESP"]
[Date "2016.08.24"]
[Round "6.26"]
[White "Lemeaux, David"]
[Black "Cuartas, Jaime Alexander"]
[Result "1-0"]
[WhiteElo "2315"]
[BlackElo "2481"]
[PlyCount "157"]
[EventDate "2016.08.19"]
[EventType "swiss"]
[EventRounds "10"]
[EventCountry "ESP"]
[SourceTitle "Ajedrez en Madrid"]
[Source "lmi"]
[SourceDate "2016.08.19"]

1. d4 d5 2. c4 c6 3. Nf3 Nf6 4. e3 e6 5. Nc3 Nbd7 6. Qc2 Bd6 7. Be2 O-O 8. O-O
Re8 9. b3 b6 10. Bb2 Bb7 11. Rac1 Qe7 12. Rfd1 Rad8 13. e4 dxe4 14. Nxe4 Nxe4
15. Qxe4 f5 16. Qh4 Qxh4 17. Nxh4 Be7 18. Nf3 c5 19. dxc5 Nxc5 20. Ne1 Bg5 21.
Rxd8 Rxd8 22. Rd1 Rxd1 23. Bxd1 Be4 24. b4 Nb7 25. Bf3 Bxf3 26. Nxf3 Be7 27.
Bc3 Nd8 28. Nd4 Kf7 29. Kf1 g5 30. Ke2 Ke8 31. h3 h5 32. f3 h4 33. Kd3 Kd7 34.
Kc2 Nf7 35. Kb3 a6 36. b5 axb5 37. cxb5 Bd6 38. Nc6 e5 39. Kc4 Ke6 40. a4 Bc5
41. Kd3 Kd5 42. a5 bxa5 43. Bxa5 Nd6 44. Nb4+ Ke6 45. Na6 e4+ 46. Ke2 Bd4 47.
Bd8 Nf7 48. Bc7 Nd6 49. fxe4 Nxb5 50. exf5+ Kxf5 51. Kf3 Ba7 52. Bb8 Nd4+ 53.
Kf2 Nc2+ 54. Bxa7 g4 55. Bc5 Na1 56. Be7 gxh3 57. gxh3 Nb3 58. Bxh4 Nd2 59. Nc5
Nc4 60. Bg3 Nb6 61. Kf3 Nd5 62. Nd3 Nf6 63. Bf4 Nd5 64. Be3 Nf6 65. Nf4 Ne4 66.
Ne2 Nf6 67. Ng3+ Kg6 68. Bd4 Nh7 69. Kg4 Ng5 70. h4 Nh7 71. h5+ Kf7 72. Kf5 Nf8
73. Ne4 Nd7 74. Ng5+ Kg8 75. h6 Nf8 76. Bc3 Nh7 77. Nxh7 Kxh7 78. Kg5 Kg8 79.
Kg6 1-0